| 000 | 00509nam a22001937a 4500 | ||
|---|---|---|---|
| 003 | NUST - PNEC | ||
| 005 | 20170116180815.0 | ||
| 008 | 150520b xxu||||| |||| 00| 0 eng d | ||
| 020 | _a0743241509 | ||
| 040 | _cLIBRARY | ||
| 082 | _a610.76 ROT | ||
| 100 |
_95755 _aRothstein, Rochelle |
||
| 245 |
_aMCAT comprehensive review _cRochelle Rothstein, M.D. |
||
| 250 | _a7th Ed | ||
| 260 |
_aNew York _bKaplan _cc2003. |
||
| 300 | _a1061 p. : | ||
| 650 |
_93625 _aMedical colleges _xGeneral |
||
| 942 |
_2ddc _cBK |
||
| 999 |
_c63508 _d63508 |
||